Normal view
MARC view
- Somun,Hajrudin
Entry Personal Name
001 - CONTROL NUMBER
- control field: 46
003 - CONTROL NUMBER IDENTIFIER
- control field: OSt
005 - DATE AND TIME OF LATEST TRANSACTION
- control field: 20170412123416.0
008 - FIXED-LENGTH DATA ELEMENTS
- fixed length control field: 170412|| aca||aabn | a|a d
040 ## - CATALOGING SOURCE
- Original cataloging agency: OSt
- Transcribing agency: OSt
100 ## - HEADING--PERSONAL NAME
- Personal name: Somun,Hajrudin
670 ## - SOURCE DATA FOUND
- Source citation: Work cat.: (OSt)0: Somun,Hajrudin, MAHATHIR :, 2003

PORTAL AKMAL
E-MEL JKDM
AKMAL2U
G-BAM
u-PUSTAKA